Bordering Countries That Border Egypt Quiz Stats

 Plays Quiz not verified by Sporcle

Also try: Capitals of Europe
Challenge
Share
Tweet
Embed
Score 0/16 Timer 04:00
0 Plays Today
County % Correct
Sudan
88.1%
Tunisia
85.1%
Libya
85.1%
Algeria
84.5%
Jordan
82.7%
Chad
81%
Ethiopia
81%
Lebanon
79.8%
County % Correct
Syria
78%
Niger
70.8%
Eritrea
70.8%
Central African Republic
66.7%
Democratic Republic of the Congo
63.1%
Kenya
63.1%
Uganda
57.7%
Egypt
37.5%

You're not logged in!

Compare scores with friends on all Sporcle quizzes.
Join for Free
OR
Log In

You Might Also Like...

Show Comments

Extras

Top Quizzes Today


Score Distribution

Your Account Isn't Verified!

In order to create a playlist on Sporcle, you need to verify the email address you used during registration. Go to your Sporcle Settings to finish the process.

Report this User

Report this user for behavior that violates our Community Guidelines.

Details: